Biện pháp quản lý hoạt động nghiên cứu khoa học của giảng viên Trường Đại học Trà Vinh
Cơ sở lý luận về quản lý hoạt động nghiên cứu khoa học của giảng viên; Thực trạng quản lý hoạt động nghiên cứu khoa học của giảng viên Trường ĐH Trà Vinh; Các biện pháp quản lý hoạt động nghiên cứu khoa học của giảng viên Trường ĐH Trà Vinh......
Zapisane w:
| 1. autor: | |
|---|---|
| Kolejni autorzy: | |
| Format: | Książka |
| Język: | Vietnamese |
| Wydane: |
Đà Nẵng
Đại học Đà Nẵng
2013
|
| Hasła przedmiotowe: | |
| Etykiety: |
Dodaj etykietę
Nie ma etykietki, Dołącz pierwszą etykiete!
|
| Thư viện lưu trữ: | Mạng thư viện Đại học Đà Nẵng |
|---|
| LEADER | 01907nam a2200361 4500 | ||
|---|---|---|---|
| 001 | 000019330 | ||
| 003 | 15765 | ||
| 005 | 20140417140412.0 | ||
| 008 | 140417s2013 viesd | ||
| 041 | |a vie | ||
| 082 | 1 | 4 | |a 378.124 |b PH-H |
| 100 | |a Phan Thanh Hiền | ||
| 245 | |a Biện pháp quản lý hoạt động nghiên cứu khoa học của giảng viên Trường Đại học Trà Vinh |c Phan Thanh Hiền ; Lê Quang Sơn hướng dẫn. |k Luận văn Thạc sĩ | ||
| 260 | |a Đà Nẵng |b Đại học Đà Nẵng |c 2013 | ||
| 300 | |a 95 tr., phụ lục 8 tr. |c 29 cm. |e Tóm tắt | ||
| 500 | |a Luận văn thạc sĩ Quản lý giáo dục. Chuyên ngành: Quản lý giáo dục. Mã số: 60.14.05. | ||
| 520 | |a Cơ sở lý luận về quản lý hoạt động nghiên cứu khoa học của giảng viên; Thực trạng quản lý hoạt động nghiên cứu khoa học của giảng viên Trường ĐH Trà Vinh; Các biện pháp quản lý hoạt động nghiên cứu khoa học của giảng viên Trường ĐH Trà Vinh... | ||
| 650 | 0 | 4 | |a Giáo dục đại học |v Luận văn tốt nghiệp |x Nghiên cứu |z Trà Vinh |
| 650 | 0 | 4 | |a Giảng viên đại học |v Luận văn tốt nghiệp |x Nghiên cứu khoa học |z Trà Vinh |
| 653 | |a Quản lý giáo dục | ||
| 653 | |a Giảng viên đại học | ||
| 653 | |a Nghiên cứu khoa học | ||
| 700 | 1 | |a Lê Quang Sơn |c PGS.TS |e Hướng dẫn | |
| OWN | |a LSP | ||
| AVA | |a UDN50 |b LSP |d 378.124 PH-H |e available |t Error 5001 Not defined in file expand_doc_bib_avail. |f 1 |g 0 |h N |i 0 |k 1 | ||
| 999 | |a From the UDN01 | ||
| AVA | |a UDN50 |b LSP |d 378.124 PH-H |e available |t Error 5001 Not defined in file expand_doc_bib_avail. |f 1 |g 0 |h N |i 0 |k 1 | ||
| TYP | |a Monograph | ||
| TYP | |a Printed language | ||
| 980 | |a Mạng thư viện Đại học Đà Nẵng | ||